Nas margens da medicina (Record no. 1997)

MARC details
000 -Etiqueta do registo
Valores 00608nam a2200241 4500
010 ## - Número ISBN
ISBN 9789727803071
021 ## - Número do Depósito Legal
Código do país Portugal
Número 323960/11
100 ## - Dados gerais de processamento
Dados gerais 20251121d2010 m||y0pory5003 ba
101 ## - Língua de publicação
Língua Português
102 ## - País de publicação
País Portugal
200 ## - Titulo e menção de responsabilidade
Título próprio Nas margens da medicina
Primeira menção de responsabilidade Álvaro Carvalho
205 ## - Menção da edição
Edição 1ª edição
210 ## - Publicação
Local de publicação Alfragide
Nome do editor Âncora
Data de publicação 2011
215 ## - Descrição física 
Paginação / Volumes 342, [6] p.
Dimensões 23 cm
225 ## - Colecção 
Título próprio da colecção Holograma
300 ## - Notas gerais 
Texto da nota BMB-Registado
606 ## - Nome comum usado como assunto
ID Autoridade 2873
Palavra de ordem Medicina
Subdivisão assunto Saúde
675 ## - CDU
Notação 61
Edição BMB
Língua por
700 ## - Autor principal (pessoa individual)
Apelido Carvalho
Nome Álvaro Eiras
Datas 1948-
ID Autoridade 2874
801 ## - Fonte de origem
País PT
Agência BMB
Regras de catalogação RPC
990 ## - Elementos KOHA
Tipo de documento Livro
Holdings
Situação do levantamento Estado Número Biblioteca de origem Código de barras Cota Permissão de empréstimo Tipo de documento Forma de aquisição
    1 Biblioteca Municipal de Borba 1947 61 CAR / NAS   Livro Oferta
Biblioteca Municipal de Borba

Powered by Koha